000 00521nam a2200217Ia 4500
003 OSt
005 20221005132049.0
006 a|||||r|||| 00| 0
007 ta
008 221004b |||||||| |||| 00| 0 mal d
024 _a52808
037 _cTextual
040 _aCRL
_cCRL
_bmal
041 _2mal
_amal
082 _aI:(P111:4k), 32J2
245 0 _aTerms in botany Malayalam
260 _c1952
650 _aBOTANY
942 _hI:(P111:4k), 32J2
_cTEXL
_2cc
999 _c1062346
_d1062346